[Event "Titled Tue 24th Jun Early"]
[Site "chess.com INT"]
[Date "2025.06.24"]
[Round "9"]
[White "Shafer, Logan C"]
[Black "Cherepov, Alexej"]
[Result "0-1"]
[WhiteTitle "CM"]
[BlackTitle "CM"]
[WhiteElo "2217"]
[BlackElo "2083"]
[WhiteFideId "30993342"]
[BlackFideId "13503650"]
[EventDate "2025.06.24"]

1. e4 Nf6 2. Nc3 e5 3. d4 exd4 4. Qxd4 Nc6 5. Qd3 Bb4 6. Bd2 O-O 7. O-O-O Re8 8.
Nge2 d6 9. Qg3 Nxe4 10. Nxe4 Rxe4 11. Nc3 Rg4 12. Qe3 Bc5 13. Qe1 Be6 14. f3 Rd4
15. Ne4 Bb6 16. Bg5 Rxd1+ 17. Qxd1 f6 18. Bh4 Ne5 19. Kb1 d5 20. Nc3 c6 21. Bd3
Nxd3 22. Qxd3 Qd7 23. g4 Re8 24. Ne2 Bf7 25. Nf4 g5 26. Ng2 Bg6 27. Qd1 gxh4 28.
Nxh4 Qe6 29. Nxg6 hxg6 30. a4 Qe2 31. Qc1 Be3 32. Qe1 Qxe1+ 33. Rxe1 Kf7 34. c3
Bf4 35. Rh1 Re2 36. h4 Rh2 37. Rd1 Rxh4 38. c4 Ke6 39. cxd5+ cxd5 40. Re1+ Kd7
41. Rd1 Kc6 42. Re1 Be5 43. f4 Bxf4 44. Re6+ Kd7 45. Rxf6 Rxg4 46. a5 g5 47. a6
bxa6 48. Rxa6 Rg2 49. Rxa7+ Kc6 50. Ra6+ Kb5 51. Rf6 Rxb2+ 52. Ka1 Re2 53. Rf8
d4 54. Rf7 d3 55. Rb7+ Kc6 56. Rb3 d2 57. Rd3 Re1+ 58. Kb2 d1=Q 59. Rc3+ Kb5 60.
Rc2 Re2 61. Ka3 Rxc2 62. Kb3 Qd3# 0-1

[Event "Titled Tue 24th Jun Early"]
[Site "chess.com INT"]
[Date "2025.06.24"]
[Round "9"]
[White "Roebers, Eline"]
[Black "King, Alexander"]
[Result "1-0"]
[WhiteTitle "IM"]
[BlackTitle "FM"]
[WhiteElo "2356"]
[BlackElo "2263"]
[WhiteFideId "1058401"]
[BlackFideId "2063620"]
[EventDate "2025.06.24"]

1. f4 d5 2. Nf3 g6 3. g3 Bg7 4. Bg2 Nf6 5. O-O O-O 6. d3 c5 7. Qe1 d4 8. Na3 Nc6
9. Bd2 Nd5 10. c3 b6 11. Rc1 Bb7 12. Qf2 Rb8 13. h3 e6 14. g4 a6 15. Nc4 b5 16.
Nce5 Nxe5 17. Nxe5 f6 18. Nf3 e5 19. fxe5 fxe5 20. cxd4 cxd4 21. Qg3 Nf4 22.
Bxf4 Rxf4 23. Nd2 Bh6 24. Bxb7 Rxf1+ 25. Rxf1 Bxd2 26. Qf3 Bf4 27. Qe4 Qh4 28.
Rf3 Qe1+ 29. Kg2 Rf8 30. Bd5+ Kg7 31. Bb3 Qd2 32. Rf2 Qe3 33. Qxe3 dxe3 34. Rf1
Rc8 35. Kf3 Kf6 36. Ke4 Kg5 37. d4 Re8 38. d5 Kh4 39. Rf3 h5 40. gxh5 Kxh5 41.
d6 Rd8 42. Kd5 Rxd6+ 43. Kxd6 1-0

[Event "Titled Tue 24th Jun Early"]
[Site "chess.com INT"]
[Date "2025.06.24"]
[Round "9"]
[White "Gunawardhana, Devindya Oshini"]
[Black "Mecit, Emre"]
[Result "1-0"]
[WhiteTitle "WIM"]
[WhiteElo "2121"]
[BlackElo "2007"]
[WhiteFideId "29941482"]
[BlackFideId "6304214"]
[EventDate "2025.06.24"]

1. Nf3 Nf6 2. g3 g6 3. Bg2 Bg7 4. O-O O-O 5. d4 c5 6. c3 cxd4 7. cxd4 d5 8. Nc3
Nc6 9. b3 Bf5 10. Bb2 Ne4 11. Rc1 Nxc3 12. Bxc3 Rc8 13. e3 b5 14. Qd2 Qb6 15.
Nh4 Be6 16. Nf3 b4 17. Bb2 Rc7 18. Ng5 Rfc8 19. Nxe6 fxe6 20. Rc2 Qa6 21. Rfc1
Qxa2 22. Bh3 Kf7 23. e4 Nxd4 24. Qf4+ Bf6 25. Bxd4 Rxc2 26. Rxc2 Rxc2 27. e5
Qxb3 28. exf6 e5 29. Qxe5 Qb1+ 30. Kg2 Rxf2+ 31. Kxf2 Qc2+ 32. Kg1 Qd1+ 33. Bf1
e6 34. Qc7+ 1-0

[Event "Titled Tue 24th Jun Early"]
[Site "chess.com INT"]
[Date "2025.06.24"]
[Round "9"]
[White "Carnicelli, Valerio"]
[Black "Adewumi, Tanitoluwa"]
[Result "1-0"]
[WhiteTitle "FM"]
[BlackTitle "FM"]
[WhiteElo "2396"]
[BlackElo "2362"]
[WhiteFideId "856185"]
[BlackFideId "30966396"]
[EventDate "2025.06.24"]

1. e4 Nc6 2. Nf3 e5 3. d4 exd4 4. Nxd4 Nf6 5. Nxc6 bxc6 6. e5 Qe7 7. Qe2 Nd5 8.
c4 Ba6 9. b3 Nb6 10. Bb2 d5 11. exd6 Qxe2+ 12. Bxe2 cxd6 13. O-O f6 14. Bh5+ Kd7
15. Re1 d5 16. Nc3 Bb4 17. a3 Bd6 18. Rad1 g6 19. Bf3 Rhe8 20. Rxe8 Rxe8 21.
cxd5 cxd5 22. Nxd5 Nxd5 23. Bxd5 Re2 24. Bxf6 Ke8 25. b4 Bc7 26. Bd4 Bb6 27.
Bxb6 axb6 28. Bc6+ Ke7 29. b5 Bc8 30. Kf1 Rc2 31. Ra1 Kd6 32. a4 Bf5 33. h3 h5
34. Kg1 Kc5 35. h4 Bd3 36. f3 Bc4 37. Kh2 Kd4 38. Kg3 Ke5 39. a5 bxa5 40. Rxa5
Bf1 41. f4+ Kd4 42. Bf3 Rc5 43. Ra4+ Kc3 44. b6 Rb5 45. b7 Bc4 46. Ra8 1-0

[Event "Titled Tue 24th Jun Early"]
[Site "chess.com INT"]
[Date "2025.06.24"]
[Round "9"]
[White "Nugumanov, Bakhtiyar"]
[Black "Huseynova, Lala"]
[Result "0-1"]
[WhiteTitle "IM"]
[BlackTitle "WFM"]
[WhiteElo "2305"]
[BlackElo "2045"]
[WhiteFideId "13701797"]
[BlackFideId "13431781"]
[EventDate "2025.06.24"]

1. e4 c5 2. Nc3 d6 3. f4 g6 4. Nf3 Bg7 5. Bc4 Nc6 6. d3 e6 7. a3 Nge7 8. O-O d5
9. Ba2 O-O 10. Qe2 Nd4 11. Nxd4 cxd4 12. Nd1 dxe4 13. Qxe4 Rb8 14. Bb3 b6 15.
Nf2 Bb7 16. Qe2 Nd5 17. Ne4 a5 18. Bd2 Qc7 19. Rae1 b5 20. Rc1 Rfe8 21. Kh1 Ne3
22. Rf3 f5 23. Ng5 Bxf3 24. Qxf3 Qd6 25. Bxa5 h6 26. Bb4 Qd7 27. Nh3 Kh7 28. Re1
e5 29. fxe5 Bxe5 30. Nf2 g5 31. g3 g4 32. Qe2 Bf6 33. Qd2 Qc6+ 34. Kg1 Qg2# 0-1

[Event "Titled Tue 24th Jun Early"]
[Site "chess.com INT"]
[Date "2025.06.24"]
[Round "9"]
[White "Suarez, Sebastian"]
[Black "Yang, Larry"]
[Result "0-1"]
[WhiteElo "2161"]
[BlackElo "2017"]
[WhiteFideId "30979080"]
[BlackFideId "2637618"]
[EventDate "2025.06.24"]

1. g3 g6 2. Bg2 Bg7 3. c4 Nf6 4. Nc3 O-O 5. Nf3 d5 6. cxd5 Nxd5 7. O-O Nxc3 8.
bxc3 c5 9. d4 Nc6 10. Bb2 Bf5 11. Nh4 cxd4 12. Nxf5 gxf5 13. cxd4 Nxd4 14. Bxb7
Rb8 15. Bxd4 Bxd4 16. Rb1 e5 17. e3 Bb6 18. Bg2 Qf6 19. Rc1 Rfd8 20. Rc6 Qg7 21.
Qh5 f4 22. exf4 exf4 23. Rc4 Qg6 24. Qxg6+ fxg6 25. Rxf4 Rd2 26. Rc1 Kg7 27. a4
Re8 28. Bf1 Ra2 29. h4 Rd8 30. Re1 Rdd2 31. Re7+ Kh6 32. g4 Bxf2+ 33. Kh1 Bxh4
34. Rff7 Bxe7 35. Rxe7 Rf2 36. Kg1 Rf4 37. Bb5 Rxg4+ 38. Kf1 Rh4 0-1

[Event "Titled Tue 24th Jun Early"]
[Site "chess.com INT"]
[Date "2025.06.24"]
[Round "9"]
[White "Rabin, Evan"]
[Black "Perez Cruz, Adianet"]
[Result "1-0"]
[BlackTitle "WFM"]
[WhiteElo "1945"]
[BlackElo "1984"]
[WhiteFideId "2028670"]
[BlackFideId "3510115"]
[EventDate "2025.06.24"]

1. e4 c6 2. d4 d5 3. Nd2 dxe4 4. Nxe4 Nf6 5. Nxf6+ gxf6 6. Nf3 Bf5 7. g3 Be4 8.
Bg2 Qd5 9. Be3 Nd7 10. O-O h5 11. b3 h4 12. c4 Qf5 13. Nxh4 Rxh4 14. gxh4 Bxg2
15. Kxg2 e6 16. h3 Bd6 17. Qg4 Qh7 18. Rg1 f5 19. Qg5 f6 20. Qh6 Qxh6 21. Bxh6
Kf7 22. Kf3 Rg8 23. Rxg8 Kxg8 24. Rg1+ Kf7 25. Rg7+ Ke8 26. Bf4 e5 27. Be3 e4+
28. Ke2 Bf8 29. Rh7 b6 30. Bf4 a6 31. h5 c5 32. h6 cxd4 33. Rh8 Kf7 34. h7 Bg7
35. Rd8 d3+ 36. Kd2 Nc5 37. h8=Q Bxh8 38. Rxh8 b5 39. cxb5 axb5 40. Rb8 Ne6 41.
Be3 f4 42. Bb6 Kg6 43. Ba7 f5 44. Rxb5 Nd4 45. Bxd4 1-0

[Event "Titled Tue 24th Jun Early"]
[Site "chess.com INT"]
[Date "2025.06.24"]
[Round "9"]
[White "Szpar, Milosz"]
[Black "Kozak, Adam"]
[Result "1-0"]
[WhiteTitle "IM"]
[BlackTitle "GM"]
[WhiteElo "2495"]
[BlackElo "2587"]
[WhiteFideId "1184989"]
[BlackFideId "753246"]
[EventDate "2025.06.24"]

1. e4 c5 2. Nf3 Nc6 3. d4 cxd4 4. Nxd4 Nf6 5. Nc3 d6 6. Bg5 Bd7 7. Qd2 Rc8 8. f4
Nxd4 9. Qxd4 Qa5 10. e5 Rxc3 11. bxc3 Ne4 12. Qxe4 Qxc3+ 13. Kf2 Qxa1 14. Bb5
Qb2 15. Qxb7 Qxc2+ 16. Kg3 Bxb5 17. Qxb5+ Kd8 18. exd6 f6 19. Qb8+ Kd7 20. dxe7
Bxe7 21. Qb7+ Ke8 22. Re1 Qc3+ 23. Kf2 Qc5+ 24. Kf1 fxg5 25. Qb8+ Kf7 26. Qxh8
Qc4+ 27. Re2 Qc1+ 28. Re1 Qc4+ 29. Kg1 Qd4+ 30. Kh1 Qf2 31. Rb1 1-0

[Event "Titled Tue 24th Jun Early"]
[Site "chess.com INT"]
[Date "2025.06.24"]
[Round "9"]
[White "Fomevor, Cephas Clinton"]
[Black "La Fleur, Zara"]
[Result "0-1"]
[WhiteTitle "CM"]
[BlackTitle "WCM"]
[WhiteElo "1883"]
[BlackElo "1745"]
[WhiteFideId "12601330"]
[BlackFideId "7703848"]
[EventDate "2025.06.24"]

1. d4 d5 2. c4 c6 3. Nc3 Nf6 4. Nf3 dxc4 5. a4 Bf5 6. e3 e6 7. Bxc4 Bb4 8. O-O
O-O 9. Bd3 Bxd3 10. Qxd3 a5 11. Ne5 Na6 12. f4 Nd5 13. f5 Bd6 14. fxe6 fxe6 15.
Rxf8+ Qxf8 16. Nc4 Nab4 17. Qe2 Bc7 18. Bd2 Qe7 19. Rf1 Rf8 20. e4 Nf4 21. Bxf4
Bxf4 22. g3 Bc7 23. e5 Qg5 24. Rxf8+ Kxf8 25. Qf2+ Kg8 26. Ne4 Qc1+ 27. Kg2 Qxc4
28. Ng5 Qd5+ 29. Kg1 Qd7 30. h4 h6 31. Ne4 Nd5 32. Nc5 Qe7 33. Qc2 b6 34. Ne4 c5
35. dxc5 bxc5 36. Qf2 Bb6 37. Qf3 c4+ 38. Kg2 c3 39. Nd6 cxb2 40. Qb3 Bc5 41.
Qxb2 Bxd6 42. exd6 Qxd6 43. Qb7 Ne3+ 44. Kf3 Nf5 45. Qc8+ Kh7 46. Qc4 Qd5+ 47.
Qxd5 exd5 48. Kf4 Ne7 49. Ke5 Kg6 50. g4 h5 51. g5 Kf7 52. Kd6 d4 0-1

[Event "Titled Tue 24th Jun Early"]
[Site "chess.com INT"]
[Date "2025.06.24"]
[Round "9"]
[White "Ilinca, Felix-Antonio"]
[Black "Punin, Andrii"]
[Result "0-1"]
[WhiteTitle "IM"]
[BlackTitle "FM"]
[WhiteElo "2431"]
[BlackElo "2289"]
[WhiteFideId "54764998"]
[BlackFideId "14112639"]
[EventDate "2025.06.24"]

1. d4 Nf6 2. c4 e6 3. Nc3 d5 4. cxd5 exd5 5. Bg5 c6 6. e3 h6 7. Bh4 Be7 8. Bd3
O-O 9. Qc2 Re8 10. Nf3 Nbd7 11. O-O Ne4 12. Bxe4 Bxh4 13. Bh7+ Kh8 14. Bd3 Be7
15. a3 Nf6 16. b4 a6 17. Rab1 Bd6 18. h3 Qe7 19. Nd2 Nh5 20. Rfc1 Qh4 21. Nf3
Qf6 22. Qd1 Bf5 23. Bxf5 Qxf5 24. g4 Qg6 25. Nh4 Qg5 26. Nf3 Qg6 27. Nh4 Qg5 28.
Nf5 Bf8 29. Qf3 Nf6 30. Kh1 Ne4 31. Nxe4 dxe4 32. Qg2 Re6 33. Ng3 Rae8 34. a4
Bd6 35. Ne2 Rf6 36. b5 axb5 37. axb5 cxb5 38. Rc2 Qh4 39. Nc3 Rf3 40. Rxb5 Rxh3+
41. Kg1 Rh2 42. Ne2 Rxg2+ 43. Kxg2 Qxg4+ 44. Kf1 Ra8 0-1

[Event "Titled Tue 24th Jun Early"]
[Site "chess.com INT"]
[Date "2025.06.24"]
[Round "9"]
[White "Shubenkova, Veronika"]
[Black "Atoyan, Alberto"]
[Result "0-1"]
[WhiteTitle "WFM"]
[BlackTitle "CM"]
[WhiteElo "2031"]
[BlackElo "2266"]
[WhiteFideId "44124040"]
[BlackFideId "13314831"]
[EventDate "2025.06.24"]

1. e4 c5 2. Nc3 a6 3. g3 b5 4. Bg2 Bb7 5. d3 e6 6. f4 d5 7. exd5 b4 8. Na4 Bxd5
9. Bxd5 exd5 10. Qe2+ Be7 11. Nxc5 Nf6 12. Nb3 O-O 13. Be3 a5 14. Nd4 Re8 15. h3
Bc5 16. Ngf3 Ra7 17. Ne5 Nfd7 18. Qf3 Nxe5 19. fxe5 Rxe5 20. O-O-O Qb6 21. Qf4
Rae7 22. Bf2 g5 23. Qg4 h5 24. Qxh5 Bxd4 25. Bxd4 Qxd4 26. g4 a4 27. h4 a3 28.
c3 axb2+ 29. Kb1 bxc3 30. hxg5 c2+ 31. Kxc2 b1=Q+ 0-1

[Event "Titled Tue 24th Jun Early"]
[Site "chess.com INT"]
[Date "2025.06.24"]
[Round "9"]
[White "Goncharov, Vladimir"]
[Black "Parfenov, Viktor N."]
[Result "1-0"]
[BlackTitle "CM"]
[WhiteElo "2077"]
[BlackElo "2193"]
[WhiteFideId "34162256"]
[BlackFideId "4165969"]
[EventDate "2025.06.24"]

1. d4 Nf6 2. c4 g6 3. Nc3 d5 4. cxd5 Nxd5 5. e4 Nxc3 6. bxc3 Bg7 7. Bc4 c5 8.
Ne2 O-O 9. h4 cxd4 10. cxd4 Nc6 11. Be3 Qa5+ 12. Kf1 h5 13. Rb1 b6 14. Qc1 Bb7
15. Bd2 Qa3 16. d5 Qxc1+ 17. Rxc1 Ne5 18. Bb5 a6 19. Ba4 Rfc8 20. Rb1 b5 21. Bd1
e6 22. dxe6 Bxe4 23. exf7+ Kxf7 24. Bb3+ Ke8 25. Re1 Nd3 26. Rd1 a5 27. Rh3 a4
28. Re3 axb3 29. Rxe4+ Kf7 30. axb3 Ra2 31. Bg5 Ne5 32. g3 Rcc2 33. Rf4+ Ke8 34.
Nd4 Rcb2 35. Ne6 Rxf2+ 36. Rxf2 Rxf2+ 37. Kxf2 Ng4+ 38. Ke2 Be5 39. Bf4 Bf6 40.
Rd5 b4 41. Rb5 Bc3 42. Nc7+ Kd7 43. Nd5 Kc6 44. Nxc3 bxc3 45. Rb8 Nf6 46. Rc8+
Kd5 47. Rxc3 Ne4 48. Rd3+ Kc5 49. Be3+ Kb4 50. Rd4+ Kxb3 51. Rxe4 1-0

[Event "Titled Tue 24th Jun Early"]
[Site "chess.com INT"]
[Date "2025.06.24"]
[Round "9"]
[White "Lazavik, Denis"]
[Black "Galchenko, Matvey"]
[Result "1-0"]
[WhiteTitle "GM"]
[BlackTitle "IM"]
[WhiteElo "2580"]
[BlackElo "2435"]
[WhiteFideId "13515110"]
[BlackFideId "24175480"]
[EventDate "2025.06.24"]

1. Nf3 c5 2. b3 d5 3. Bb2 f6 4. e4 d4 5. Bc4 e5 6. c3 Nc6 7. O-O Bd6 8. b4 Nge7
9. bxc5 Bxc5 10. cxd4 Nxd4 11. Nc3 Bg4 12. Be2 Nxe2+ 13. Qxe2 Rc8 14. Rfd1 O-O
15. h3 Bh5 16. Na4 Bd4 17. Bxd4 exd4 18. Rab1 b6 19. Rbc1 Qd6 20. Qd3 Nc6 21.
Qb3+ Bf7 22. Qb5 Bxa2 23. Nb2 Na5 24. Qd3 Rcd8 25. Re1 Qb4 26. Qc2 Bb3 27. Qb1
Rfe8 28. e5 fxe5 29. Nd3 Qd6 30. Ndxe5 Bd5 31. Ng5 Rxe5 32. Qxh7+ Kf8 33. f4
Rxe1+ 34. Rxe1 Nc4 35. Qh8+ Bg8 36. Ne6+ Kf7 37. Qxg7+ Ke8 38. Nxd8+ Kxd8 39.
Qxg8+ Kc7 40. Qxc4+ 1-0

[Event "Titled Tue 24th Jun Early"]
[Site "chess.com INT"]
[Date "2025.06.24"]
[Round "9"]
[White "Mikhalsky, Vladimir"]
[Black "Tan, Zhongyi"]
[Result "0-1"]
[BlackTitle "GM"]
[WhiteElo "2219"]
[BlackElo "2546"]
[WhiteFideId "14144352"]
[BlackFideId "8603642"]
[EventDate "2025.06.24"]

1. d4 d5 2. c4 e6 3. Nf3 c6 4. g3 dxc4 5. Bg2 b5 6. O-O Bb7 7. a4 Nd7 8. b3 cxb3
9. Qxb3 b4 10. a5 c5 11. Rd1 Ngf6 12. Bb2 Rc8 13. Nbd2 Bd5 14. Qa4 c4 15. e4 Bc6
16. Qc2 c3 17. d5 cxb2 18. Qxb2 exd5 19. e5 Ng4 20. e6 fxe6 21. Re1 Bc5 22.
Rxe6+ Kf7 23. Re2 Re8 24. Nb3 Qf6 25. Nxc5 Nxc5 26. Bh3 Rxe2 27. Qxf6+ gxf6 28.
Bxg4 Bd7 29. Bh5+ Kg7 30. Nd4 Rd2 31. Nf3 Rd3 32. Re1 Ne4 33. Nh4 Rc2 34. f3
Rdc3 35. fxe4 Rc1 36. Kf2 Rxe1 37. Kxe1 dxe4 38. Ng2 b3 39. Kd2 Rc2+ 40. Kd1
Rxg2 0-1

[Event "Titled Tue 24th Jun Early"]
[Site "chess.com INT"]
[Date "2025.06.24"]
[Round "9"]
[White "Mateus, Martha"]
[Black "Borges, Wagner da Silva"]
[Result "1-0"]
[WhiteTitle "WIM"]
[BlackTitle "CM"]
[WhiteElo "1972"]
[BlackElo "2062"]
[WhiteFideId "4401549"]
[BlackFideId "2100401"]
[EventDate "2025.06.24"]

1. d4 Nf6 2. c4 g6 3. Nc3 d5 4. Qb3 c6 5. cxd5 Nxd5 6. e4 Nxc3 7. bxc3 Bg7 8.
Nf3 O-O 9. Be3 c5 10. Be2 Nc6 11. Rd1 Qc7 12. O-O Na5 13. Qa3 b6 14. dxc5 Be6
15. Bd4 bxc5 16. Bxc5 Rfc8 17. Bxe7 Nc4 18. Bxc4 Qxc4 19. Nd4 Qxa2 20. Nxe6 Qxe6
21. Bc5 a5 22. Rfe1 Qc4 23. Bd4 Bf8 24. Qc1 a4 25. Qf4 a3 26. Qf6 Qxd4 27. cxd4
a2 28. e5 Rcb8 29. h4 Rb2 30. Qf3 Rab8 31. Qe4 Bh6 32. e6 1-0

[Event "Titled Tue 24th Jun Early"]
[Site "chess.com INT"]
[Date "2025.06.24"]
[Round "9"]
[White "Chiang, Jacob"]
[Black "Ochedzan, Filip"]
[Result "1-0"]
[BlackTitle "CM"]
[WhiteElo "2006"]
[BlackElo "1983"]
[WhiteFideId "30962331"]
[BlackFideId "21892610"]
[EventDate "2025.06.24"]

1. Nf3 g6 2. c4 Bg7 3. g3 c5 4. Bg2 Nc6 5. O-O Nf6 6. Nc3 O-O 7. Rb1 d6 8. a3 a5
9. d3 e5 10. Bg5 h6 11. Bxf6 Bxf6 12. Ne1 Bg7 13. Nc2 Be6 14. Ne3 f5 15. Ned5
Kh7 16. f4 exf4 17. Nxf4 Bf7 18. Ncd5 Ne7 19. b4 axb4 20. axb4 Nxd5 21. Nxd5
Bxd5 22. Bxd5 Rb8 23. bxc5 dxc5 24. Rxb7 Rxb7 25. Bxb7 Bd4+ 26. Kg2 Re8 27. e4
Qg5 28. Qf3 Re7 29. exf5 gxf5 30. Bc8 f4 31. Qxf4 Re2+ 32. Kh1 Qxf4 33. Rxf4 Kg6
34. Bg4 Rd2 35. Bf5+ Kg7 36. Be4 Be3 37. Rf3 Bd4 38. h3 Kg8 39. g4 Kg7 40. Rg3
Be5 41. Rg2 Rd1+ 42. Rg1 Rd2 43. Rf1 Bd4 44. Rf5 Kg8 45. h4 Kg7 46. Rd5 Rf2 47.
Rd6 Rd2 48. Rg6+ Kh7 49. Bf5 Rc2 50. g5 hxg5 51. hxg5 Rd2 52. Rh6+ Kg7 53. Rh7+
Kg8 54. g6 Re2 55. Be4 Rf2 56. Bd5+ Kf8 57. Be4 Kg8 58. Rd7 Kf8 59. Bd5 Rf5 60.
Rh7 Rg5 61. Rf7+ Ke8 62. Bc6+ Kd8 63. Be4 Ke8 64. Kh2 Rg4 65. Kh3 Rg5 66. Kh4
Rg1 67. Kh5 Be3 68. Ra7 Rh1+ 69. Bxh1 1-0

[Event "Titled Tue 24th Jun Early"]
[Site "chess.com INT"]
[Date "2025.06.24"]
[Round "9"]
[White "Silva, Pedro Gil Ferreira Da"]
[Black "Sapocinic, Semion"]
[Result "0-1"]
[WhiteTitle "FM"]
[BlackTitle "FM"]
[WhiteElo "2269"]
[BlackElo "2296"]
[WhiteFideId "1946102"]
[BlackFideId "13908693"]
[EventDate "2025.06.24"]

1. e4 c5 2. Nf3 Nc6 3. Bb5 Nf6 4. e5 Nd5 5. Nc3 Nc7 6. Bxc6 dxc6 7. O-O Bg4 8.
h3 Bh5 9. d3 e6 10. Ne4 Nb5 11. Bg5 Qc7 12. g4 Bg6 13. Qe2 Nd4 14. Nxd4 cxd4 15.
Bf4 Bxe4 16. Qxe4 Qd7 17. Rfe1 Be7 18. a4 Qd5 19. Bd2 h5 20. Kg2 O-O-O 21. Qxd5
Rxd5 22. f4 g6 23. b4 b6 24. Reb1 Kb7 25. b5 Rc8 26. a5 Rxb5 27. axb6 Rxb1 28.
Rxb1 axb6 29. gxh5 gxh5 30. Kf3 Rg8 31. Be1 c5 32. Bf2 Bd8 33. Ra1 Bc7 34. Bh4
Kc6 35. Bg5 b5 36. Ke4 Bb6 37. h4 c4 38. f5 cxd3 39. cxd3 b4 40. Rb1 Kb5 41.
fxe6 fxe6 42. Be7 Rg4+ 43. Kf3 Bc5 44. Bxc5 Kxc5 45. Rc1+ Kd5 46. Rc4 Rxh4 47.
Rxb4 Kxe5 48. Rb5+ Kf6 49. Rb8 Kf5 50. Rf8+ Ke5 51. Ra8 Rh3+ 52. Ke2 Re3+ 53.
Kd2 h4 54. Rh8 h3 55. Rh5+ Kd6 0-1

[Event "Titled Tue 24th Jun Early"]
[Site "chess.com INT"]
[Date "2025.06.24"]
[Round "9"]
[White "Kozlov, Oleg"]
[Black "Hansen, Eric"]
[Result "1-0"]
[WhiteTitle "IM"]
[BlackTitle "GM"]
[WhiteElo "2253"]
[BlackElo "2609"]
[WhiteFideId "4104544"]
[BlackFideId "2606771"]
[EventDate "2025.06.24"]

1. Nf3 Nf6 2. c4 g6 3. b3 Bg7 4. Bb2 O-O 5. g3 b6 6. Bg2 Bb7 7. O-O c5 8. d3 d5
9. cxd5 Bxd5 10. Nc3 Bb7 11. d4 Na6 12. dxc5 Nxc5 13. b4 Ne6 14. Qb3 Bxf3 15.
exf3 Nd4 16. Qd1 Rc8 17. a3 e5 18. Re1 Qd6 19. Qd3 Rfd8 20. Rad1 Qb8 21. Bh3 Qa8
22. Bxc8 Rxc8 23. Ne4 Nxe4 24. fxe4 a5 25. Bxd4 exd4 26. e5 Rd8 27. Qe4 Qxe4 28.
Rxe4 axb4 29. axb4 d3 30. f4 Bf8 31. Kf2 f5 32. exf6 Kf7 33. Ke3 Kxf6 34. Rxd3
Ra8 35. Rc4 Kg7 36. Rd7+ Kg8 37. Rb7 Re8+ 38. Kf3 Rd8 39. Rxb6 Bg7 40. Rbc6 Rd3+
41. Ke4 Rb3 42. Rc8+ Bf8 43. Rb8 Kf7 44. Rc7+ Be7 45. Rbb7 Kf6 46. Rxe7 1-0

[Event "Titled Tue 24th Jun Early"]
[Site "chess.com INT"]
[Date "2025.06.24"]
[Round "9"]
[White "Pham, Le Thao Nguyen"]
[Black "Vignesh, N R"]
[Result "0-1"]
[WhiteTitle "IM"]
[BlackTitle "GM"]
[WhiteElo "2357"]
[BlackElo "2531"]
[WhiteFideId "12401226"]
[BlackFideId "25012215"]
[EventDate "2025.06.24"]

1. d4 d5 2. c4 e6 3. Nc3 Bb4 4. cxd5 exd5 5. Qb3 Nc6 6. Nf3 Nge7 7. a3 Ba5 8.
Bg5 O-O 9. e3 f6 10. Bf4 Ng6 11. Bg3 Nce7 12. Bd3 c6 13. O-O Kh8 14. Qc2 Bg4 15.
Nd2 Bc7 16. b4 a6 17. a4 Bxg3 18. hxg3 Rc8 19. Qb2 Bf5 20. Be2 Qd6 21. Rfc1 Rc7
22. Nb3 Rfc8 23. b5 cxb5 24. axb5 axb5 25. Nxb5 Rxc1+ 26. Rxc1 Qb4 27. Rxc8+
Nxc8 28. Qc1 Qxb3 29. Qc7 Nge7 30. Qd8+ Ng8 31. Nc7 Qb6 32. Bh5 g6 33. Bf3 Ne7
34. g4 Be6 35. Qb8 Bf7 36. Na8 Qe6 37. Nc7 Qc6 0-1

[Event "Titled Tue 24th Jun Early"]
[Site "chess.com INT"]
[Date "2025.06.24"]
[Round "9"]
[White "Srihari, L R"]
[Black "Giri, Anish"]
[Result "1-0"]
[WhiteTitle "IM"]
[BlackTitle "GM"]
[WhiteElo "2480"]
[BlackElo "2748"]
[WhiteFideId "46617116"]
[BlackFideId "24116068"]
[EventDate "2025.06.24"]

1. Nf3 d5 2. e3 Bf5 3. c4 e6 4. Nc3 c6 5. cxd5 exd5 6. Qb3 Qb6 7. Qa4 Nf6 8. Qf4
Bg6 9. Nh4 Nbd7 10. Be2 Nc5 11. Nxg6 hxg6 12. Na4 Nxa4 13. Qxa4 Bd6 14. h3 g5
15. b3 Be5 16. Rb1 O-O-O 17. d4 Bc7 18. Bd2 Ne4 19. b4 Nxd2 20. Kxd2 Kb8 21.
Rhc1 Bd6 22. Ke1 f5 23. b5 c5 24. dxc5 Bxc5 25. Qc2 Rc8 26. Qxf5 d4 27. exd4
Bxd4 28. Rxc8+ Rxc8 29. Kf1 Bf6 30. Rd1 Rc5 31. Qh7 Rc8 32. a4 Rd8 33. Rxd8+
Qxd8 34. Qe4 Bd4 35. Bf3 Qd7 36. Kg1 Bf6 37. g3 Qe7 38. Qd5 Kc8 39. a5 1-0

[Event "Titled Tue 24th Jun Early"]
[Site "chess.com INT"]
[Date "2025.06.24"]
[Round "9"]
[White "Sailer, Mike"]
[Black "Zaksaite, Salomeja"]
[Result "0-1"]
[BlackTitle "WGM"]
[WhiteElo "2108"]
[BlackElo "2133"]
[WhiteFideId "2012901"]
[BlackFideId "12801496"]
[EventDate "2025.06.24"]

1. d4 Nf6 2. Nf3 g6 3. Bf4 Bg7 4. e3 d6 5. Be2 O-O 6. h3 Nbd7 7. O-O Re8 8. c4
e5 9. Bh2 e4 10. Nfd2 h5 11. Nc3 Nf8 12. Qc2 Qe7 13. b4 N8h7 14. a4 Ng5 15. Rfe1
h4 16. a5 a6 17. b5 Nh5 18. Nd5 Qd8 19. b6 cxb6 20. Nxb6 Nxh3+ 21. gxh3 Bxh3 22.
Bf1 Qg5+ 23. Kh1 Bg4 24. Nxa8 Rxa8 25. Qxe4 Bf5 26. Qg2 Qe7 27. Rac1 h3 28. Qd5
Rd8 29. Be2 Nf6 30. Qf3 Ne4 31. Qf4 Nxd2 32. Bg3 Ne4 33. Kh2 Bf6 34. Bf3 Bg5 35.
Bxe4 Bxf4 36. Bxf4 Qxe4 37. c5 Qg2# 0-1

[Event "Titled Tue 24th Jun Early"]
[Site "chess.com INT"]
[Date "2025.06.24"]
[Round "9"]
[White "Mayank, Chakraborty"]
[Black "Matinian, Nikita"]
[Result "1-0"]
[WhiteTitle "IM"]
[BlackTitle "GM"]
[WhiteElo "2457"]
[BlackElo "2421"]
[WhiteFideId "25659766"]
[BlackFideId "24129100"]
[EventDate "2025.06.24"]

1. d4 Nf6 2. c4 g6 3. g3 Bg7 4. Bg2 O-O 5. Nc3 d6 6. Nf3 c6 7. O-O Bf5 8. Ne1 e5
9. d5 cxd5 10. cxd5 Na6 11. e4 Bd7 12. Nd3 Rc8 13. h3 Ne8 14. Be3 b6 15. a4 Nc5
16. a5 f5 17. axb6 axb6 18. b4 Nxe4 19. Nxe4 fxe4 20. Nb2 Nf6 21. Na4 Rb8 22.
Nc3 Qe7 23. Kh2 Rfc8 24. Nxe4 Nxe4 25. Bxe4 Rc4 26. Bd3 Rxb4 27. Ra7 Qe8 28. Qd2
Ra4 29. Rxa4 Bxa4 30. Qb4 Bf8 31. Bxb6 e4 32. Be2 Bc2 33. Bg4 h5 34. Be6+ Kh7
35. Rc1 Bd3 36. Rc7+ Kh6 37. Be3+ g5 38. Qd2 Bg7 39. Bxg5+ Kg6 40. Qf4 Qf8 41.
Bf5+ Qxf5 42. Rxg7+ Kxg7 43. Qxf5 1-0